| 000 | 00399nam a22001337a 4500 | ||
|---|---|---|---|
| 082 | _aBEE-2 ASA | ||
| 100 |
_aAsad Mahmood _951243 |
||
| 245 | _aBraille Pad | ||
| 260 |
_aIslamabad _bNUST SEECS _c2014 |
||
| 500 | _aSupervisor: Dr. Tauseef Touqeer | ||
| 700 |
_aAsad Mahmood, M. Waleed Alam, Zeeshan Tallat _992389 |
||
| 856 | _uhttp://10.250.8.41:8080/xmlui/handle/123456789/28912 | ||
| 942 |
_cPR _2ddc |
||
| 999 |
_c13059 _d13059 |
||